000 nam a22 a 4500
999 _c4059
_d4059
005 20170525090040.0
008 170525b1989 xxu||||| |||| 00| 0 eng d
020 _a0582035015
040 _aAKMAL
082 _a912 PET
090 _a912
_bPET
100 _aPeters, Arno.
_97942
245 _aPeters atlas of the world.
260 _aHarlow
_bLongman
_c1989.
300 _a231p.
_bill(some col.), col.maps
_c35cm
500 _aIncludes index.
500 _aIncludes index.
500 _aMaps on lining papers. _ In slipcase.
650 _aAtlases, British.
_97925
942 _2ddc
_cBOOK